|
|
|
|
| LEADER |
00000nam a2200000 a 4500 |
| 001 |
vtls008489819 |
| 003 |
SK-MaSNL |
| 005 |
20260301021417.0 |
| 008 |
240314s1976 xo a g 000 f slo |
| 035 |
|
|
|a SAVUKc065843
|
| 040 |
|
|
|a SNK
|b slo
|c SNK
|e AACR2
|
| 041 |
1 |
|
|a slo
|h eng
|
| 044 |
|
|
|a xo
|c SK
|
| 080 |
|
|
|a 808.1-053.2
|2 2001
|
| 080 |
|
|
|a 821.111
|2 2001
|
| 100 |
1 |
|
|a Scott, Walter,
|d 1771-1832
|4 aut
|9 120235
|
| 245 |
1 |
0 |
|a Čierny trpaslík
|c Walter Scott ; z ang. orig. prel. Ružena Krajčíková ; verše prebásnil Blahoslav Hečko ; ilustr. Dušan Kállay
|
| 250 |
|
|
|a 1. vyd.
|
| 260 |
|
|
|a Bratislava
|b Mladé letá
|c 1976
|e Bratislava
|f Svornosť
|
| 300 |
|
|
|a 154 s., 10,76 AH
|b ilustr.
|c 21 cm
|
| 490 |
1 |
|
|a Dobré slovo
|
| 650 |
0 |
7 |
|a literatúra pre deti
|2 SNKPH
|9 55721
|
| 650 |
0 |
7 |
|a anglická literatúra
|2 SNKPH
|9 1295
|
| 700 |
1 |
|
|a Krajčíková, Ružena,
|d 1924-1995
|4 trl
|9 226308
|
| 700 |
1 |
|
|a Kállay, Dušan,
|d 1948-
|4 ill
|9 93799
|
| 830 |
|
0 |
|a Dobré slovo
|9 277607
|
| 958 |
|
|
|a OND
|
| 999 |
|
|
|c 565286
|d 567216
|
| 952 |
|
|
|a SNK
|b SNK
|y VYP
|7 0
|p 17A1140772
|o snkSC 38985 D1
|i snkKSP 4500/76
|0 0
|1 0
|4 0
|d 2015-03-17
|l 0
|r 2026-02-23 13:55:50
|w 2026-02-23
|